00926nam a2200217 a 4500001001000000003000500010005001700015008004100032010001100073011001100084040000900095100004200104245014100146260004100287500006000328502011300388650003700501650005500538650004500593856007000638000114592CHAP20220329144448.0180307s2017 mx |sm |||||||spa d a111053 a112025 cCHAP1 aEspinosa Urbanczyk, María Magdalena10aCaracterización de clones de dalia (Dahlia x hortorum) con fines alimenticiosh[En línea]cpor María Magdalena Espinosa Urbanczyk. aChapingo, Méx. :bEl autor,c2017. aPara ver el contenido del material haga clic en la liga aTesis (M. C. en Ciencia y Tecnología Agroalimentaria) -- UACH. Departamento de Ingeniería Agroindustrial14aDaliaxRaíz tuberosaxConsumo.14aDaliaxRaiz tuberosaxFisiología y morfología.14aDaliaxRaiz tuberosaxValor nutricional. aFinding aiduhttp://10.13.5.2/tesis/sist114592.pdfzTeclea aquí